[Event "2nd Sharjah Masters 2018"]
[Site "Sharjah"]
[Date "2018.04.14"]
[Round "4"]
[White "Maghsoodloo, Parham"]
[Black "Artemiev, Vladislav"]
[Result "1-0"]
[WhiteElo "2615"]
[BlackElo "2701"]
[Annotator "TA"]
[PlyCount "109"]
[EventDate "2018.??.??"]
[EventType "swiss"]
[EventCountry "UAE"]
[SourceTitle "playchess.com"]
[Source "ChessBase"]
[SourceQuality "1"]

{[%evp 17,109,8,6,8,9,12,25,18,18,10,36,14,32,0,18,9,45,43,47,45,52,25,26,28,48,51,57,59,67,60,61,61,61,79,64,61,71,0,69,68,60,60,93,70,119,119,119,119,119,119,181,170,173,177,185,164,303,259,371,223,232,222,310,206,369,369,322,347,336,381,362,356,489,490,490,462,472,472,527,443,556,381,421,414,1400,1167,29977,29980,29988,29989,29989,29985,29991,29992]} 1. Nf3 Nf6 2. g3 g6 3. Bg2 Bg7 4. c4 c6 5. d4 d5 6. Nbd2 O-O 7. O-O Bf5 8. b3 Nbd7 9. Bb2 {D78: Fianchetto Grünfeld: 6 0-0 c6} b5 {LiveBook: 4 Games} (9... a5 10. a3 Qb8 11. Rc1 Rd8 12. e3 Ne4 13. Qe2 Nxd2 14. Nxd2 Nf6 15. h3 Be6 16. Rfd1 h5 {1-0 (62) Howell,D (2676)-Motylev,A (2675) London 2017}) 10. Nh4 Be6 {[%cal Rb5c4]} 11. c5 {The position is equal.} Qc7 $146 ({Find the theoretical novelty and annotate with similar games:} 11... a5 12. a4 b4 13. Qc2 Re8 14. Rae1 Nf8 15. f4 Bc8 16. Ndf3 {½-½ (26) Glukhovtsev,S (2346)-Zhak,B (2570) ICCF email 2010}) 12. Qc2 a5 13. a4 b4 14. Rfe1 Rae8 15. Rad1 Qc8 16. f4 Ng4 17. e4 dxe4 18. Bxe4 Ndf6 19. Bd3 Nh6 20. Nc4 Bxc4 21. bxc4 e6 22. Nf3 Rd8 23. Qg2 Qc7 24. Ne5 Rc8 25. g4 {Black must now prevent g5.} Nd7 26. h3 f5 27. Bc1 (27. g5 $16 {Nxg6 is the strong threat.} Bxe5 28. fxe5) 27... Nf7 (27... b3 $11) 28. Nf3 $36 {[%mdl 2048] White fights for an advantage.} Rfe8 29. Bc2 Rcd8 30. Be3 Rb8 31. Nd2 Nf6 32. Nb3 Kh8 33. Re2 h6 (33... Rf8 $16 {was called for.} 34. Bf2 Nd8) 34. Rde1 Re7 35. Bc1 Rbe8 36. Kh1 Nh7 (36... Kh7 $142 37. Bd2 Nd8 38. gxf5 gxf5) 37. Rg1 Rg8 (37... Nf8 {was worth a try.} 38. h4 Bf6) 38. Qf3 Nf8 39. Reg2 Rd7 40. Bb2 {And now gxf5 would win.} Qd8 $2 (40... Nd8 {is a better defense.} 41. h4 fxg4 42. Rxg4 (42. Qxg4 Rf7 $18) 42... Rf7) 41. gxf5 $18 exf5 {[#]} 42. Bxf5 $1 {[%mdl 512]} gxf5 {[#]} 43. Rxg7 $1 {[%mdl 512]} Rxg7 44. d5 $1 {[%cal Bd4d5,Bd5d6][%mdl 32]} Ng5 45. fxg5 hxg5 46. Qxf5 Kg8 47. Bxg7 Rxg7 48. Nd4 Qe7 49. d6 Qe8 50. Qf3 Ng6 (50... Kh8 $142 51. Nxc6 g4 52. Rxg4 (52. hxg4 Rf7 $11) 52... Qe1+ 53. Kg2 Qd2+ 54. Kg3 Qe1+ 55. Kg2 Qd2+ 56. Kg3 Qe1+ 57. Kg2) 51. Nf5 Nh4 52. Nxg7 {White mates.} Kxg7 53. Rxg5+ Ng6 54. Qf5 b3 55. d7 {Precision: White = 75%, Black = 29%.} 1-0

[Event "2nd Sharjah Masters 2018"]
[Site "Sharjah"]
[Date "2018.04.14"]
[Round "4"]
[White "Petrosian, Tigran L"]
[Black "Kovalev, Vladislav"]
[Result "1/2-1/2"]
[WhiteElo "2609"]
[BlackElo "2648"]
[Annotator "TA"]
[PlyCount "93"]
[EventDate "2018.??.??"]
[EventType "swiss"]
[EventCountry "UAE"]
[SourceTitle "playchess.com"]
[Source "ChessBase"]
[SourceQuality "1"]

{[%evp 18,93,18,4,32,23,5,0,1,21,13,0,37,34,45,56,33,38,61,50,50,47,48,50,52,56,60,60,60,60,60,60,60,60,60,60,60,60,60,60,60,60,58,54,70,50,70,63,76,54,76,76,87,0,18,18,18,18,18,0,0,0,18,0,0,0,18,0,0,0,18,0,0,0,0,0,0,0]} 1. Nf3 Nf6 2. g3 g6 3. Bg2 Bg7 4. O-O O-O 5. d4 d5 6. c4 c6 7. b3 dxc4 8. bxc4 c5 9. Bb2 cxd4 10. Nxd4 {LiveBook: 172 Games} Qc7 {A49: 1 d4 Nf6 2 Nf3 g6 3 g3: Anti-King's Indian systems} (10... Qb6 11. Qb3 Nfd7 12. Rd1 Nc5 13. Qxb6 axb6 14. Nc3 Na4 15. Rab1 Nxb2 16. Rxb2 Nc6 17. e3 Nxd4 18. exd4 Be6 19. Bxb7 {½-½ (65) Ivanchuk,V (2726)-Wang,H (2709) Huaian 2017}) 11. Qb3 Nc6 12. Na3 $146 ({Predecessor:} 12. Nxc6 bxc6 13. Nc3 Rb8 14. Qc2 Bf5 15. e4 Nxe4 16. Nxe4 Rxb2 17. Qa4 Rfb8 18. Rac1 Bh6 19. f4 Rxg2+ 20. Kxg2 Bxe4+ 21. Kh3 Qd7+ {0-1 (21) Moulin,S (2060)-Gozzoli,Y (2431) Le Grand Bornand 2003}) 12... a6 13. Nxc6 bxc6 14. Qa4 Bd7 15. c5 Be6 16. Nc4 ({Of course not} 16. Qxc6 Qxc6 17. Bxc6 Rac8 $15) 16... Bxc4 17. Qxc4 e6 18. Bxf6 Bxf6 19. Rab1 Rfb8 20. Rxb8+ Rxb8 21. Qxa6 Rb5 22. Rc1 Be7 23. Qxc6 (23. a4 {feels hotter.} Rxc5 24. Rxc5 Bxc5 25. e3 Bb6 26. Qa8+) 23... Qxc6 24. Bxc6 Rxc5 25. Rxc5 Bxc5 $14 {[%mdl 4096] Endgame KB-KB} 26. a4 Bb6 27. e3 Kf8 28. Kf1 Ke7 29. Ke2 Kd6 30. Be8 f5 31. Bf7 g5 32. h3 e5 33. g4 f4 34. Kd3 fxe3 35. f3 ({White should try} 35. fxe3 $16 Kc5 36. Ke4) 35... e4+ {The position is equal.} 36. fxe4 Ke5 37. Bd5 h6 38. Bc6 Kf4 {[#] ...Kf3 is the strong threat.} 39. Ke2 Ke5 40. Kf3 Kd4 41. Bb5 Ke5 42. Bd3 Kd4 43. Bf1 Ke5 44. Bg2 Kd4 45. Ke2 Bc7 46. e5 Bxe5 47. a5 {Precision: White = 61%, Black = 68%.} 1/2-1/2

[Event "2nd Sharjah Masters 2018"]
[Site "Sharjah"]
[Date "2018.04.14"]
[Round "4"]
[White "Firouzja, Alireza"]
[Black "Raahul V S"]
[Result "1-0"]
[WhiteElo "2572"]
[BlackElo "2258"]
[Annotator "TA"]
[PlyCount "53"]
[EventDate "2018.??.??"]
[EventType "swiss"]
[EventCountry "UAE"]
[SourceTitle "playchess.com"]
[Source "ChessBase"]
[SourceQuality "1"]

{[%evp 15,53,38,43,30,90,79,88,72,68,85,140,134,139,153,138,135,151,135,148,139,141,18,139,144,155,148,162,161,326,337,324,145,229,186,923,879,1141,1087,1824,1797]} 1. d4 Nf6 2. c4 g6 3. Nc3 Bg7 4. e4 d6 5. h3 O-O 6. Be3 e5 7. d5 a5 8. g4 {E71: King's Indian: 4 e4 d6 5 h3} Na6 {LiveBook: 42 Games} 9. Qd2 (9. Nge2 c6 10. Ng3 Nc5 11. g5 Nfd7 12. h4 cxd5 13. Nxd5 Nb6 14. Nc3 Be6 15. b3 a4 {1-0 (36) Ding,L (2777)-Amonatov,F (2636) Riadh 2017}) 9... h5 $146 (9... Nc5 $11) ({Predecessor:} 9... Nc5 10. f3 Nfd7 11. h4 f5 12. gxf5 gxf5 13. O-O-O f4 14. Bf2 Nf6 15. h5 Bh6 {½-½ (45) Anton Guijarro,D (2651)-Ziska,H (2545) Heraklio 2017}) 10. Bg5 {White is better.} hxg4 11. hxg4 Bxg4 12. f3 Bh5 (12... Bd7 $142) 13. Nce2 $1 $16 Qe8 14. Bxf6 Bxf6 15. Ng3 Bg7 16. Nxh5 gxh5 {[#]} 17. Bh3 $1 f5 18. Ne2 ({Better is} 18. Bxf5 $16 {And now Qg5 would win.} Rf6 19. Ne2 (19. Qxa5 Rxf5 20. exf5 Qf7 $16)) 18... Nc5 (18... fxe4 $11 19. Be6+ Kh7 20. fxe4 (20. Qg5 Qg6 $11) 20... Bh6) 19. Bxf5 Rxf5 20. exf5 {Black must now prevent Qg5.} e4 21. O-O-O {Rdg1 is the strong threat.} Qe5 $2 {[#]} (21... exf3 22. Nd4 Qe5 23. Nxf3 Qxf5) 22. f4 $1 $18 {[%cal Rf4e5]} ({Not} 22. Rxh5 exf3 23. Nd4 Qxd4 $16) 22... Qxf5 {intending ...Nd3+.} 23. Rhg1 (23. Ng3 $18 Nd3+ 24. Kb1 Qxf4 25. Nxh5 Qxd2 26. Rxd2) 23... Nd3+ (23... Kf7 $16) 24. Kb1 Nb4 $2 (24... Kf7 25. Ng3 Qh7) 25. Nd4 {White is clearly winning.} Qf6 26. Rg5 c5 27. Ne6 {Precision: White = 66%, Black = 31%.} 1-0

[Event "2nd Sharjah Masters 2018"]
[Site "Sharjah"]
[Date "2018.04.14"]
[Round "4"]
[White "Petrosyan, Manuel"]
[Black "Ashwath, R."]
[Result "1/2-1/2"]
[WhiteElo "2560"]
[BlackElo "2250"]
[Annotator "TA"]
[PlyCount "143"]
[EventDate "2018.??.??"]
[EventType "swiss"]
[EventCountry "UAE"]
[SourceTitle "playchess.com"]
[Source "ChessBase"]
[SourceQuality "1"]

{[%evp 24,142,31,24,19,0,0,0,0,0,4,-9,37,-11,15,8,5,18,37,14,21,30,25,15,25,0,0,-27,0,-81,-85,-82,-79,-71,-78,-80,-85,-89,-69,-120,-121,-116,-78,-90,-82,-45,-64,-206,-206,-201,-54,-127,-88,-89,-8,-8,-8,-8,-8,-8,-8,-8,22,22,22,33,23,0,0,0,0,0,0,0,0,0,0,0,0,0,0,0,0,0,0,0,0,0,0,0,0,0,0,0,0,0,0,0,0,0,0,0,0,0,0,0,0,0,0,0,0,0,0,0,0,0,0,0,0,0,0]} 1. d4 d5 2. c4 e6 3. Nc3 Bb4 4. Nf3 Nf6 5. Bg5 Nbd7 6. e3 c5 7. cxd5 exd5 8. Be2 Qa5 9. O-O Bxc3 10. bxc3 c4 11. Qc2 Ne4 12. Rac1 Nxg5 {D38: Queen's Gambit Declined: Ragozin Defence (4 Nf3 Bb4)} (12... Nb6 13. Bf4 O-O 14. Nh4 Qa4 15. Qb2 Re8 16. f3 Nf6 17. g4 h6 18. Ng2 Nh7 19. Bd1 Qc6 20. Bc2 {0-1 (41) Goganov,A (2635)-Alekseev,E (2636) St Petersburg 2016}) 13. Nxg5 {LiveBook: 5 Games} Nf6 14. Nf3 g6 $146 ({Predecessor:} 14... O-O 15. Ne5 Nd7 16. f4 b5 17. Bf3 Nb6 18. Nc6 Qa3 19. e4 Qd6 20. exd5 Bb7 21. Qf5 Rfe8 22. Rce1 g6 23. Qg5 Kg7 24. f5 f6 25. Qg3 Qd7 26. fxg6 hxg6 27. Bh5 {1-0 (27) Yudovich,M-Gutop,Y Moscow (Russia) 1957}) 15. Ne5 O-O 16. f3 b5 17. Qd2 Kg7 18. Bd1 (18. a4 $5) 18... Qc7 19. Rb1 a6 20. Bc2 Bb7 21. a4 Nd7 22. Nxd7 Qxd7 23. e4 Bc6 24. a5 Qc7 25. Rbe1 Qxa5 26. exd5 (26. e5 $1 $11) 26... Bxd5 $17 27. Re5 Qd8 28. Be4 Bxe4 29. fxe4 Qd6 30. Qe3 Rae8 31. Rxe8 (31. Rc5 $15) 31... Rxe8 $15 {[%mdl 4096] Endgame KQR-KQR} 32. e5 Qd5 33. Rf6 a5 {[%cal Ba6a5,Ba5a4][%mdl 32] Strongly threatening ...b4.} 34. Rd6 Qb7 35. h4 ({Better is} 35. Qg5 $1 $15) 35... h5 {White must now prevent ...b4.} 36. Qf4 {[#] intending Qf6+.} Qe7 (36... b4 $1 $19 {And now ...b3 would win.} 37. Qf6+ Kg8) 37. Rc6 ({White should play} 37. Rf6 $15) 37... a4 {Threatens to win with ...Ra8.} 38. Ra6 Rc8 (38... Rf8 $17) 39. d5 $1 $11 b4 40. cxb4 c3 41. Rxa4 c2 42. Ra1 c1=Q+ 43. Rxc1 Rxc1+ 44. Qxc1 Qxb4 {KQ-KQ} 45. Qd1 Kf8 {The position is equal.} 46. d6 {White wants to play g3.} Ke8 47. Qc1 {[%cal Rc1c8] [#]} Qd4+ 48. Kf1 {[%cal Rc1c8]} Qd3+ 49. Kf2 {[%cal Rc1c8]} Qd4+ 50. Qe3 Qxh4+ 51. Kg1 Kd7 52. Qc3 Ke6 53. g3 Qa4 54. Kf2 Qd7 55. Qe3 f6 56. exf6+ Kxf6 57. Qd4+ Ke6 58. Qe4+ Kxd6 59. Qxg6+ Ke5 60. Qxh5+ (60. Kg1 {with more complications.} Qd4+ 61. Kh2 Qf2+ 62. Kh3 Qf5+ 63. Qxf5+ Kxf5 64. Kh4) 60... Qf5+ 61. Qxf5+ Kxf5 {KP-K} 62. Kf3 Kg5 63. g4 {[%cal Bg3g4,Bg4g5,Bg5g6,Bg6g7][%mdl 32]} Kg6 64. Kf4 Kf6 65. g5+ Kg6 66. Kg4 Kg7 67. Kh5 Kh7 68. g6+ Kg7 $2 {[%mdl 8192]} (68... Kg8) 69. Kg5 Kg8 70. Kh6 {g7 would kill now.} Kh8 71. g7+ Kg8 72. Kg6 {Precision: White = 66%, Black = 67%.} 1/2-1/2

[Event "2nd Sharjah Masters 2018"]
[Site "Sharjah"]
[Date "2018.04.14"]
[Round "4"]
[White "Puranik, Abhimanyu"]
[Black "Aradhya, Garg"]
[Result "1-0"]
[WhiteElo "2520"]
[BlackElo "2218"]
[Annotator "TA"]
[PlyCount "107"]
[EventDate "2018.??.??"]
[EventType "swiss"]
[EventCountry "UAE"]
[SourceTitle "playchess.com"]
[Source "ChessBase"]
[SourceQuality "1"]

{[%evp 28,107,32,20,41,33,25,18,21,2,10,1,7,0,33,33,26,29,41,53,115,122,114,101,88,63,49,62,114,114,120,113,124,116,135,137,149,102,193,204,197,186,169,168,225,170,202,210,263,262,252,248,658,643,709,702,873,856,856,833,810,797,908,894,1192,1171,1147,1069,8578,29968,29970,29974,29959,29968,29966,6682,29983,29984,29986,29987,29987,29988]} 1. e4 e5 2. Nf3 Nc6 3. Bb5 a6 4. Ba4 Nf6 5. O-O Be7 6. Re1 b5 7. Bb3 d6 8. c3 O-O 9. d4 {[%cal Bd2d4,Bd4d5][%mdl 32]} Bg4 10. d5 Na5 11. Bc2 Qc8 12. h3 Bh5 13. Nbd2 c6 14. dxc6 Qxc6 15. Nf1 {LiveBook: 26 Games. C91: Closed Ruy Lopez: 7...d6 8 c3 0-0 9 d4} Rfd8 (15... Bg6 16. Ng3 Rfe8 17. a4 Nc4 18. Qe2 d5 19. exd5 Nxd5 20. Bxg6 hxg6 21. axb5 axb5 22. Nxe5 Nxe5 23. Rxa8 Rxa8 24. Qxe5 {½-½ (30) Naiditsch,A (2626)-Carlsen,M (2548) Warsaw 2005}) 16. Ng3 Bg6 17. Nh4 {White has an edge.} d5 {[%cal Rf6e4]} 18. Nxg6 hxg6 19. exd5 {[#]} Nxd5 $146 ({Predecessor:} 19... Rxd5 20. Qf3 Rad8 21. Bg5 Qc7 22. Ne4 Nxe4 23. Bxe4 {0-1 (57) Smith,B (2392)-Schneider,D (2502) Philadelphia 2007}) 20. Qe2 b4 21. cxb4 $1 (21. Qxe5 Bf6 $17) 21... Bxb4 22. Rd1 Rac8 23. Be4 {Strongly threatening Bg5.} f5 ({Black should play} 23... Qe6 $1 $14) 24. Bg5 {Rac1 is the strong threat.} fxe4 25. Bxd8 Rxd8 26. Rac1 Qe6 $1 27. Nxe4 Bf8 (27... Be7 $1 $14) 28. Qf3 $36 {[%mdl 2048] Hoping for Ng5. White is really pushing.} Be7 {[#] next ...Nc6 is good for Black.} 29. Nc5 $1 {[%cal Rc5e6]} Qf7 30. Qxf7+ ({Much less strong is} 30. Nxa6 Qxf3 31. gxf3 Kf7 $14) 30... Kxf7 31. Nxa6 e4 32. Nc5 e3 (32... Bg5 $16) 33. fxe3 $18 Bg5 34. Kh1 Bxe3 35. Rc2 g5 (35... Nb4 $142 36. Rxd8 Nxc2 37. Rd7+ Kf6 38. Ne4+ Kf5) 36. Ne4 g4 37. Re2 Bh6 38. hxg4 {[%cal Bh3g4,Bg4g5][%mdl 32]} Bf4 39. g3 Bc7 $2 (39... Bb8 40. Ng5+ Kg6) 40. Ng5+ Kf6 41. Ne6 Nf4 42. g5+ ({Not} 42. Nxd8 Nxe2 43. Kg2 Nc4 $16) 42... Kf5 43. Rxd8 ({Less strong is} 43. Nxd8 Nxe2 44. Rd7 Bxd8 $16) 43... Nxe2 44. Nxc7 {[%mdl 4096] Endgame KRN-KNN} Nc4 45. Kg2 Kxg5 46. b3 Na3 {[#]} 47. Nb5 $1 Nb1 (47... Nxb5 48. Rd5+) 48. Rd1 Nbc3 49. Nxc3 Nxc3 50. Rd2 Kf5 51. a4 {[%cal Ba2a4,Ba4a5,Ba5a6][%mdl 32]} Ke4 52. a5 {White mates.} Ke3 53. Rd7 g5 54. a6 {Precision: White = 87%, Black = 26%.} 1-0

[Event "2nd Sharjah Masters 2018"]
[Site "Sharjah"]
[Date "2018.04.14"]
[Round "4"]
[White "Vishnu Prasanna  V"]
[Black "Sethuraman, S P"]
[Result "0-1"]
[WhiteElo "2510"]
[BlackElo "2631"]
[Annotator "TA"]
[PlyCount "58"]
[EventDate "2018.??.??"]
[EventType "swiss"]
[EventCountry "UAE"]
[SourceTitle "playchess.com"]
[Source "ChessBase"]
[SourceQuality "1"]

{[%evp 13,57,2,0,-27,0,0,0,0,0,0,0,-25,-28,-27,-19,-28,-32,-37,-24,-60,0,0,0,0,0,0,0,-38,-37,-50,-29,-56,-53,-56,-53,-48,0,-45,75,87,81,0,0,0,0,-29999]} 1. e4 e5 2. Nf3 Nc6 3. Bb5 Nf6 4. d3 Bc5 5. c3 O-O 6. Nbd2 {C65: Ruy Lopez: Berlin Defence (3...Nf6), unusual lines and 4 0-0 Bc5} (6. O-O Re8 7. Bg5 Be7 8. Re1 d6 9. d4 Bd7 10. d5 Nb8 11. Bxf6 Bxf6 12. a4 Be7 13. Na3 Rf8 14. Bxd7 Nxd7 {½-½ (31) Anand,V (2776)-Aronian,L (2794) Karlsruhe/Baden-Baden 2018}) 6... d6 7. h3 Ne7 {LiveBook: 4 Games} 8. Nf1 {The position is equal.} Ng6 9. Ng3 c6 10. Ba4 Bb6 11. O-O d5 12. Bb3 h6 13. exd5 $146 ({Predecessor:} 13. Qc2 Re8 {½-½ (56) Sukandar,I (2363)-Teh,E (2254) Jakarta 2013}) 13... cxd5 14. d4 e4 $1 {[%cal Re4f3]} 15. Ne5 Bc7 16. Nh5 Be6 (16... a5 $15) 17. f4 $1 $11 {[%cal Rf4f5] Threatens to win with f5.} exf3 18. Nxf6+ Qxf6 19. Rxf3 Qe7 20. Qe1 Nxe5 21. dxe5 f6 22. Qh4 Bxe5 23. Be3 a5 24. Re1 Rae8 25. Bc2 {And now Bxh6! would win.} Bf7 {[#]} (25... Qd6 $15 {keeps the upper hand.}) 26. Bxh6 $1 $16 {[%mdl 512]} f5 ({But not} 26... gxh6 $2 27. Qxh6 Bg6 28. Bxg6 $18) 27. Bg5 (27. Qxe7 $16 Rxe7 28. Rfe3 (28. Rxf5 Bd4+ 29. Kf1 Rxe1+ 30. Kxe1 Bxc3+ 31. bxc3 gxh6 $14)) 27... Bh2+ $1 $11 28. Kf1 Qc5 {[%csl Gh2][%cal Rc5g1]} 29. Bxf5 $4 {[%mdl 8192]} (29. Qd4 $11 Rxe1+ 30. Kxe1) 29... Qg1# {Precision: White = 56%, Black = 63%.} 0-1

[Event "2nd Sharjah Masters 2018"]
[Site "Sharjah"]
[Date "2018.04.14"]
[Round "4"]
[White "Gagare, Shardul"]
[Black "Bhambure, Shantanu"]
[Result "1-0"]
[WhiteElo "2502"]
[BlackElo "2155"]
[Annotator "TA"]
[PlyCount "59"]
[EventDate "2018.??.??"]
[EventType "swiss"]
[EventCountry "UAE"]
[SourceTitle "playchess.com"]
[Source "ChessBase"]
[SourceQuality "1"]

{[%evp 19,59,8,0,17,31,31,31,33,40,0,0,0,36,0,0,0,0,0,60,15,58,53,54,36,231,214,210,235,227,237,307,296,450,445,411,310,688,319,1394,1375,904,888]} 1. d4 Nf6 2. c4 e6 3. Nf3 d5 4. Nc3 dxc4 5. e4 Bb4 6. Bxc4 {D24: Queen's Gambit Accepted: 3 Nf3 Nf6 4 Nc3} Nxe4 7. O-O Nxc3 8. bxc3 Be7 9. Ne5 O-O 10. Qg4 Nc6 {LiveBook: 93 Games} 11. Re1 f5 12. Qf3 Nxe5 13. Rxe5 Kh8 {[#]} 14. Bf4 $146 g5 15. Bd2 Bf6 (15... Bd6 $5 {[%cal Rd6e5]} 16. Ree1 g4 $11) 16. Rae1 Bxe5 17. Rxe5 Qf6 18. h4 g4 ({Black should play} 18... gxh4 $11 19. Re1 Qg6) 19. Qe2 $1 $14 f4 20. Qxg4 Bd7 21. Re4 {[%cal Rd2f4]} Bc6 $2 {[#]} (21... Qg7 $14 22. Qxg7+ Kxg7) 22. Bxf4 $18 (22. Rxe6 Bd7 $16) ({Resist} 22. Rxf4 $6 Qg7 $16) 22... Bxe4 23. Be5 Qxe5 24. dxe5 Bxg2 {And now ...Rg8 would win.} 25. Qxe6 ({Less strong is} 25. Bxe6 Bc6 $14) 25... Rae8 {[#]} (25... Bf3 $142 26. Qh6 Rad8) 26. Qh6 $1 Be4 27. f4 Bf5 $2 (27... c6 28. Kf2 b5) 28. Kf2 (28. e6 $142) 28... b5 $2 (28... Bc8 29. e6 Rf5) 29. Bxb5 Rd8 30. Bc4 {Precision: White = 78%, Black = 32%.} 1-0

[Event "2nd Sharjah Masters 2018"]
[Site "Sharjah"]
[Date "2018.04.14"]
[Round "4"]
[White "Yakubboev, Nodirbek"]
[Black "Jones, Gawain C B"]
[Result "1/2-1/2"]
[WhiteElo "2482"]
[BlackElo "2675"]
[Annotator "TA"]
[PlyCount "144"]
[EventDate "2018.??.??"]
[EventType "swiss"]
[EventCountry "UAE"]
[SourceTitle "playchess.com"]
[Source "ChessBase"]
[SourceQuality "1"]

{[%evp 12,144,24,16,27,10,26,24,9,7,10,11,7,12,13,14,25,10,57,57,69,64,55,-12,-13,-27,-23,-26,-26,-26,-23,-30,-31,-32,-23,-24,-24,-25,-16,-17,-8,-8,-8,-16,-16,-19,0,0,0,-21,0,0,0,-4,0,0,0,-4,-4,-4,-4,-4,-4,-4,-4,-47,-47,-47,-47,-47,-18,-18,-18,-18,-18,-18,-18,-18,-18,-32,-18,-18,-18,-18,-18,-32,-18,-18,-18,-32,-32,-32,-23,-32,-4,-4,0,0,0,-4,-4,-4,-4,-4,0,-4,0,-4,-4,-4,-4,-4,-4,-14,-4,-4,0,-4,0,-4,0,0,0,0,0,0,0,0,0,0,0,0,0,0,0]} 1. d4 Nf6 2. c4 g6 3. g3 c5 4. dxc5 Qa5+ 5. Nc3 Bg7 6. Bg2 {E60: King's Indian: Unusual lines and Fianchetto Variation without Nc3} Qxc5 7. Qa4 {LiveBook: 3 Games} Ng4 8. Nh3 {White has an edge.} Bxc3+ $146 ({Predecessor:} 8... Ne5 9. Bf4 Nxc4 10. Rc1 O-O 11. Nd5 b5 {½-½ (72) Mamedyarov,S (2765)-Grischuk,A (2810) Beijing 2014}) 9. bxc3 Nc6 10. Ba3 Qa5 11. Qxa5 Nxa5 12. c5 $1 Rb8 13. Rb1 b6 14. cxb6 Rxb6 15. O-O $1 d6 16. Rxb6 $1 axb6 17. Nf4 (17. Rb1 $1 $14) 17... Nc4 $11 18. Bb4 Nf6 19. Nd5 Nxd5 20. Bxd5 Be6 21. Bxc4 Bxc4 {[%mdl 4096] Endgame KRB-KRB} 22. Ra1 Kd7 23. Kf1 Ra8 24. a4 g5 {[%cal Bg6g5,Bg5g4][%mdl 32]} 25. f3 Kc6 26. Kf2 f5 27. a5 g4 28. Ra3 b5 29. Ra1 h5 30. h3 Rf8 31. hxg4 fxg4 32. Ke3 Rf6 33. a6 {[#] aiming for a7.} Rf8 34. a7 Kb7 35. a8=Q+ (35. fxg4 {is more complex.} hxg4 36. a8=R Rxa8 37. Rxa8 Kxa8 38. Ke4) 35... Rxa8 36. Rxa8 Kxa8 37. fxg4 hxg4 {KB-KB} 38. Kd2 Kb7 39. e4 Kc6 {[#]} 40. e5 $1 {[%mdl 512]} Kd5 (40... dxe5 41. Bxe7) 41. exd6 exd6 42. Ba3 Bf1 43. Bb4 Bg2 44. Ba3 Be4 45. Bb4 Bf5 46. Ba3 Ke5 47. Ke3 Be6 48. Bb4 Kd5 49. Kd2 Bf7 50. Ba3 Ke5 51. Ke3 Bg6 52. Bb4 d5 53. Bc5 {The position is equal.} Bf5 54. Bd4+ Kd6 55. Kd2 Bd7 56. Ke3 Kc6 57. Kd2 Kb7 58. Bc5 Kc6 59. Bd4 Bf5 60. Ke3 Be4 61. Kf4 Bf3 62. Ke3 Kb7 63. Bc5 Ka6 64. Bb4 Kb7 65. Kd4 Kc7 66. Kc5 $1 Kd7 67. Kxb5 Ke6 68. Ba5 $1 Kf5 69. Bc7 Ke4 70. Kb4 Kd3 71. Bf4 $1 d4 72. cxd4 Kxd4 {Precision: White = 80%, Black = 65%.} 1/2-1/2

[Event "2nd Sharjah Masters 2018"]
[Site "Sharjah"]
[Date "2018.04.14"]
[Round "4"]
[White "Darini, Pouria"]
[Black "Aditya Mittal"]
[Result "1-0"]
[WhiteElo "2478"]
[BlackElo "2212"]
[Annotator "TA"]
[PlyCount "114"]
[EventDate "2018.??.??"]
[EventType "swiss"]
[EventCountry "UAE"]
[SourceTitle "playchess.com"]
[Source "ChessBase"]
[SourceQuality "1"]

{[%evp 19,114,0,0,0,0,0,0,-1,25,16,27,0,62,60,99,100,124,115,137,85,132,123,120,0,112,93,157,160,166,175,218,216,195,216,233,234,262,132,114,76,76,0,0,0,0,0,0,0,0,0,5,16,80,61,110,79,97,79,96,89,146,155,137,132,179,179,161,173,172,176,165,162,191,164,165,129,136,61,130,136,175,163,159,172,198,212,202,191,217,0,189,170,289,275,236,233,290]} 1. e4 c5 2. Nf3 d6 3. d4 cxd4 4. Nxd4 Nf6 5. Nc3 a6 6. Nb3 e5 7. Bg5 Be6 {B94: Sicilian Najdorf: 6 Bg5 Nbd7} (7... Be7 8. Bxf6 Bxf6 9. Qd3 Be6 10. O-O-O Be7 11. Nd5 Bxd5 12. Qxd5 Qc7 13. Kb1 O-O 14. Na5 Nc6 15. Nc4 Rad8 {1-0 (50) Grischuk,A (2737)-Nepomniachtchi,I (2767) Doha 2016}) 8. Bxf6 Qxf6 9. Nd5 Qd8 10. Qd3 Nd7 {LiveBook: 3 Games} 11. O-O-O Rc8 $146 ({Predecessor:} 11... Bxd5 12. Qxd5 Qc7 13. g3 Nf6 14. Qd3 Be7 15. Nd2 {0-1 (47) Nikitenko,M (2408)-Shevchenko,K (2491) Kirishi 2017}) 12. Kb1 g6 13. h4 Nb6 {White must now prevent ...Nxd5.} 14. Ne3 h5 15. g3 Be7 (15... Bh6 $11) 16. f4 Qc7 17. Bh3 $36 {[%mdl 2048] White is on the roll.} Nc4 {Threatens to win with ...Nxe3.} 18. Nd5 Qd7 19. Qf1 (19. f5 $142 gxf5 20. Bxf5) 19... Qd8 20. Qe2 Qd7 21. Qf1 Qd8 $1 22. Qf3 Qd7 ({Better is} 22... b5) 23. f5 $1 $16 {[%cal Rf5e6]} gxf5 24. Bxf5 b5 25. Nd2 Qd8 26. Rhf1 Nb6 27. Nb3 Nc4 28. Bxe6 (28. a3 $18) 28... fxe6 29. Qf7+ Kd7 30. Nf6+ (30. Nxe7 $16 {Nd5+ is the strong threat.} Qxe7 31. Qf2) 30... Kc6 $1 $11 {Strongly threatening ...Rf8.} 31. Qxe6 Rh6 $1 {[%cal Re7f6]} 32. Nc5 $1 Kxc5 33. Nd7+ Kc6 34. Nxe5+ Nxe5 35. Qxh6 Ng4 {[#]} (35... Qg8 $11 {keeps the balance.}) 36. Qd2 $1 $16 Qg8 37. Rf5 Qe6 38. Rxh5 Nf6 39. Rh6 Qe5 (39... Kd7 $142) 40. Qf4 {aiming for Qxe5.} Rg8 41. a4 Rxg3 42. axb5+ axb5 43. Qxe5 dxe5 {[#]} 44. Rd5 $1 {[%cal Rd5e5]} Rg4 45. Rxe5 Kd7 46. Rxb5 Rxe4 47. Rb7+ Ke6 48. Rh8 (48. h5 $16) 48... Kf7 (48... Nd5 $1 $14) 49. c3 Kg7 50. Ra8 Kf7 51. Raa7 Ng8 52. h5 Re5 53. Ra8 Nh6 54. Raa7 Ng8 55. Rb8 Nh6 (55... Nf6 $142 56. h6 Rh5) 56. Rh8 Kg7 57. Rha8 Nf7 {Precision: White = 64%, Black = 49%.} 1-0